000 00671nam a2200241 i 4500
001 86345
003 ES-MaACL
005 20250805063247.0
007 t|
008 041202s1988 sp ||||1| spa d
020 _a84-397-1486-6
080 _a17
100 1 _aSavater, Fernando,
_d1947-
_9104053
245 1 0 _aEtica como amor propio /
_cFernando Savater.
260 _aMadrid :
_bMondadori,
_c[1988]
300 _a330 p. ;
_c23 cm.
490 1 _aEnfoques ;
_v4
504 _aBibliografía: p. 315-319.
650 1 7 _aÉtica
_2embne
_912577
830 0 _aEnfoques ;
_v4
_9231748
852 _aES-MaACL
_jE-10577
_bR.134694
999 _c86345
_d86345